Profeles and counage

Saved in:
Bibliographic Details
Main Author: Jobn.F.Kennedy
Format: Book
Language:Undetermined
Tags: Add Tag
No Tags, Be the first to tag this record!

MARC

LEADER 00000nam a2200000Ia 4500
008 180704s9999 xx 000 0 und d
082 |a 320.159 
100 |a Jobn.F.Kennedy 
245 |a Profeles and counage 
942 |c BK 
999 |c 7066  |d 7066